| 000 | 00969nam a2200265Ia 4500 | ||
|---|---|---|---|
| 003 | OSt | ||
| 005 | 20221005111914.0 | ||
| 006 | a|||||r|||| 00| 0 | ||
| 007 | ta | ||
| 008 | 221004b |||||||| |||| 00| 0 hin d | ||
| 024 | _a32842 | ||
| 037 | _cTextual | ||
| 040 |
_aCRL _cCRL _bhin |
||
| 041 |
_2hin _ahin |
||
| 082 | _aO15,1:g, 152L8 | ||
| 100 | _aउपाध्याय, बलदेव | ||
| 245 | 0 | _aसंस्कृत-सुकवि-समीक्षा | |
| 246 | _aSanskṛuta-sukavi-samīkṣhā | ||
| 260 |
_aवाराणसी _bचौखम्बा विद्याभवन भारत _c1978 |
||
| 300 |
_a682पृ. _ccm. |
||
| 490 | _aविद्याभवन राष्ट्रभाषा ग्रंथमाला; 63 | ||
| 650 | _aसंस्कृत साहित्य | ||
| 942 |
_hO15,1:g, 152L8 _cTEXL _2cc |
||
| 999 |
_c1023257 _d1023257 |
||